00628nam a22001817a 450000500170000001000150001702000260003203500130005803700130007108200150008410000190009924500830011826000350020127000670023630000360030350000520033971000550039120151117164954.0 aENG-114090 c595.00a9789380502823 aEN-97622 bDBAD/PUB a355.033054 aNarender Kumar aChallenges in the Indian Ocean region :cby Narender Kumarbresponse options / aNew DelhibKW Publishersc2011 a4676/21, First Floor, Ansari Road, DaryganjbNew Delhie110002 axii,173p.:c24cm(Hb)bill.,maps a Includes bibliographical references and index. aCentre for Land Warfare Studies (New Delhi, India)